00442nam a2200133Ia 450000500170000000800410001702000130005808200140007110000220008524501180010726000560022530000160028165000110029720240404060705.0240331s9999 xx 000 0 und d a13910582 bRASa331  aRasanayagam, Yoga 0aGlobalization and flexibility of female labour :bcase studies of selected villages in the district of Kurunagala aColombo :bCenter for Society and Religion :c1998. aii, 53 p ., aWomen.